Chansons de Johnny Hallyday adaptées d'une chanson étrangère - Statistiques

Statistiques générales
  • Ce quiz a été pris 34 fois
  • Le résultat moyen est 8 sur 39
Statistiques - réponses
Année Titre original Interprète original Titre de Johnny Hallyday % Correct
1964 The house of the rising sun The Animals Le Pénitencier
81%
1966 Black is black Los Bravos Noir c'est noir
74%
1966 Hey Joe Jimi Hendrix Hey Joe
68%
1959 Souvenirs Bill Ramsey Souvenirs, souvenirs
58%
1962 Teenage idol Ricky Nelson L'Idole des jeunes
48%
1966 If I were a carpenter Tim Hardin Si j'étais un charpentier
39%
1971 Fortunate Son Creedence Clearwater Revival Fils de personne
35%
1976 The king is dead Tony Cole Gabrielle
35%
1991 I'll be there The escape club Je serai là
29%
1960 Kili Watch Cousins Kili Watch
23%
1974 Heartbreak Hotel Elvis Presley A l'hôtel des coeurs brisés
19%
1963 Da Doo Ron Ron Crystals Da dou ron ron
19%
1963 Somethin'else Eddie Cochran Elle est terrible
19%
1958 Johnny B. Goode Chuck Berry Johnny reviens
19%
1979 Old time rock and roll Bob Seger Le bon temps du rock and roll
19%
1961 Tenders years Georges Jones Tes tendres années
19%
1960 You talk too much Jo Jones Tu parles trop
19%
1996 Like a rock Bob Seger Comme un roc
16%
1960 Itsy bitsy teenie weenie yellow Polka Dot Bikini Brian Hyland Itsy, bitsy, petit bikini
16%
1958 Trouble Elvis Presley La Bagarre
16%
1964 Mr Lonely Bobby Vinton Quand revient la nuit
16%
1996 That's how I got to Memphis Tom T. Hall Sur la route de Memphis
13%
1961 Let's twist again Chubby Checker Viens danser le twist
13%
1961 Pony time Chubby Checker Hey Pony
10%
1967 What is soul Ben E. King Je suis seul
6%
1996 Lonesome Town Baker Knight La ville des âmes en peine
6%
1962 Mashed Potatoes Time Dee Dee Sharp Mashed Potatoes Time
6%
1984 Betty Lou is getting out tonight Bob Seger Mon p'tit loup
6%
2010 What a wonderful world Louis Armstrong Ce monde est merveilleux
3%
1968 Get across shorty Eddie Cochran Cours plus vite Charlie
3%
1960 Cathy's Clown Everly Brothers Le petit clown de ton coeur
3%
1963 You're the Devil in disguise Elvis Presley Tu n'as rien de tout ça
3%
1960 Fever Elvis Presley Vivre
3%
1961 Ya ya Lee Dorsey Ya ya twist
3%
1962 Cuttin'in Johnny Watson Excuse-moi partenaire
0%
1985 I wanna be loved by you Marilyn Monroe Je veux que tu m'aimes
0%
1962 Meet me at the Twistin’ Place Johnnie Morisette Madison twist
0%
1961 Baby I don't care Elvis Presley Sentimental
0%
1959 Makin'love Floyd Robinson T'aimer follement
0%
Aucun quiz correspondant
Distribution des résultats
% des personnes avec chaque résultat
Percentile par nombre de réponses
Votre historique - résultats
Vous n’avez pas pris ce quiz